UAC College Football Teams - Statistics

General Stats
  • This quiz has been taken 53 times
    8 since last reset
  • The average score is 7 of 9
Answer Stats
School Team Name/Colors % Correct
Austin Peay Governors
100%
Eastern Kentucky Colonels
100%
Tarleton State Texans
100%
Abilene Christian Wildcats
86%
Central Arkansas Bears
86%
North Alabama Lions
71%
Utah Tech Trailblazers
71%
Southern Utah Thunderbirds
57%
West Georgia Wolves
57%
No matching quizzes found
Score Distribution
Percent of People with Each Score
Percentile by Number Answered
Your Score History
You have not taken this quiz since the last reset